| 000 | 00836nam a22002297a 4500 | ||
|---|---|---|---|
| 003 | 0 | ||
| 005 | 20250506155320.0 | ||
| 008 | 250506b xxu||||| |||| 00| 0 eng d | ||
| 020 | _a9786214271672 | ||
| 050 |
_aHF 5548.32 _b.S96 2023 |
||
| 245 |
_aSynergizing e-Commerce, social media, and dropshipping: _bnavigating the path to success & customer satisfaction _cLorma S.P. Garcia and three others |
||
| 260 |
_aManila _bMindshapers Co. Inc. _cc2023 |
||
| 300 |
_axiv, 311 pages ; _c26cm. |
||
| 504 | _aIncludes bibliographical references and glossary. | ||
| 650 | _aElectronic commerce--Philippines. | ||
| 650 | _aSocial media—Marketing. | ||
| 650 | _aInternet marketing--Philippines. | ||
| 700 | _aManaguelod, Narciso Immanuel C. | ||
| 700 | _aGenorga, Rosemarie Tadeo | ||
| 700 | _aBermudez, Neil | ||
| 942 |
_2lcc _cBK |
||
| 999 |
_c367454 _d367454 |
||